000 01024nam a22001937a 4500
999 _c59195
_d59195
003 Ge_BSU
005 20221213122036.0
008 221213s1985ge xxu||||| |||| 00| 0 geo d
041 _ageo
080 _a821.353.1.09 წ-52
100 _aწივწივაძე, თამაზ, ავტ.
_916379
245 _aფრთხილად, წინ მკითხველია... /
_cთამაზ წივწივაძე, რედ. რ.ორჯონიკიძე
264 _aთბილისი :
_bსაბჭ. საქართველო,
_c1985.
300 _a455 გვ. ;
_b20 სმ.
653 _aკრიტიკა, მცირე რეცენზიები... რეპლიკები, პოლემიკა.
653 _aლიტერატურის ისტორია და კრიტიკა -- ქართული ლიტერატურა.
700 _aორჯონიკიძე, რ
_eრედაქტორი
_916380
942 _2udc
_cBK